| 000 | 01310cam a22003737a 4500 | ||
|---|---|---|---|
| 003 | CHAP | ||
| 005 | 20220817043705.0 | ||
| 008 | 000725d1993 it a rn 00110 spa d | ||
| 010 | _a81836 | ||
| 011 | _a82808 | ||
| 035 | _a93312 | ||
| 040 | _cCHAP | ||
| 082 | 0 | 4 |
_a301.35 _bF3Y V.9 1993 |
| 110 |
_aFAO. Oficina Regional para América Latina y el Caribe _939640 |
||
| 245 | 1 | 0 |
_aDesarrollo agropecuario : _bde la dependencia al protagonismo del agricultor _c/por FAO. Oficina Regional para América Latina y El Caribe |
| 250 | _a3 ed. | ||
| 260 |
_aRoma : _bFAO. Oficina Regional para América Latina y El Caribe, _c1993. |
||
| 300 |
_a140 p. : _bilus. |
||
| 410 | _aFAO | ||
| 490 | 0 |
_aDesarrollo rural _v; 9 |
|
| 590 |
_aBATCH-UPD _b10 _c20130110 _lUCH01 _h0956 |
||
| 590 |
_aBATCH-UPD _b10 _c20130410 _lUCH01 _h0609 |
||
| 590 |
_aBATCH-UPD _b10 _c20130914 _lUCH01 _h0320 |
||
| 590 |
_aCONVERSION _b10 _c20130109 _lUCH01 _h1345 |
||
| 650 | 1 | 4 |
_aAgricultura _zAmérica Latina. _91911 |
| 650 | 1 | 4 |
_aDesarrollo rural. _932067 |
| 650 | 1 | 4 |
_aPolítica agrícola _zAmérica Latina. _990380 |
| 810 | 0 | _aFAO | |
| 830 | 0 |
_aDesarrollo rural _v; 9 _932068 |
|
| 901 | _aBK | ||
| 905 | _aLilia Sánchez G. | ||
| 942 | _cLIBRO | ||
| 949 |
_a301.35 F3Y v.9 1993 _bBC _cFAO _d33724000747655 _eFAO1 _h96810 _i93312 _kDonaciØn _si |
||
| 999 |
_c81836 _d81836 |
||